000
00272 a2200097 4500
001
59676
100
_a
245
_a
Activity Assemblies to promote peace; 40+ ideas for multi-faith assemblies for 5-11 Years
260
_a
New York
_b
Routledge
_c
2008
090
_c
36551
_d
36551
942
_a
NUST-CAE
_c
_c
29504
999
_c
294749
_d
294749